[Event "Bodenmais Arber Seniors op 10th"]
[Site "Bodenmais"]
[Date "2023.08.09"]
[Round "5"]
[White "Pekrul, Juergen"]
[Black "Lanz, Udo"]
[Result "1-0"]
[WhiteElo "1891"]
[BlackElo "1744"]
[PlyCount "52"]
[EventDate "2023.08.05"]
[EventType "swiss"]
[EventRounds "9"]
[EventCountry "GER"]
[SourceTitle "EXT 2024"]
[Source "ChessBase"]
[SourceDate "2023.10.10"]
[SourceVersion "1"]
[SourceVersionDate "2023.10.10"]
[SourceQuality "1"]

1. d4 f5 2. e4 fxe4 3. Nc3 Nf6 4. Bg5 g6 5. f3 exf3 6. Nxf3 Bg7 7. Bc4 e6 8. Qe2 0-0 9. 0-0-0 Nc6 10. h4 Qe8 11. Nb5 Qf7 12. Bxf6 Bxf6 13. d5 Na5 14. Nxc7 Nxc4 15. Qxc4 Rb8 16. Rhf1 Qg7 17. Qb3 e5 18. d6+ Qf7 19. Nd5 Kg7 20. Ng5 Bxg5+ 21. hxg5 Qxf1 22. Rxf1 Rxf1+ 23. Kd2 b6 24. Qe3 Bb7 25. Qxe5+ Kf7 26. Qe7+ Kg8 1-0

[Event "Heusenstamm Sparkassen op-A 5th"]
[Site "Heusenstamm"]
[Date "2018.11.24"]
[Round "5"]
[White "Lanz, Udo"]
[Black "Weiland, Thomas"]
[Result "1-0"]
[WhiteElo "1837"]
[BlackElo "1796"]
[PlyCount "60"]
[EventDate "2018.11.22"]
[EventType "swiss"]
[EventRounds "7"]
[EventCountry "GER"]
[SourceTitle "CBM 188 Extra"]
[Source "ChessBase"]
[SourceDate "2019.02.26"]
[SourceVersion "1"]
[SourceVersionDate "2019.02.26"]
[SourceQuality "1"]

1. f4 d5 2. Nf3 c5 3. g3 Nf6 4. Bg2 Nc6 5. 0-0 e6 6. d3 Bd7 7. Nc3 Be7 8. e4 h6 9. h3 a6 10. Ne5 d4 11. Ne2 Qc7 12. Nxd7 Qxd7 13. Bd2 0-0-0 14. a3 Nh7 15. Rb1 Ng5 16. f5 Bd6 17. b4 cxb4 18. axb4 Na7 19. c4 dxc3 20. Bxc3 e5 21. d4 f6 22. Qb3 Rhe8 23. Rfd1 Qe7 24. dxe5 Bxe5 25. Bd4 Bxd4+ 26. Nxd4 Qe5 27. Ne6 Rxd1+ 28. Rxd1 Nb5 29. Qd3 Kb8 30. Qd7 Rf8 1-0

[Event "Arber Seniors op 6th"]
[Site "Bayerisch Eisenstein"]
[Date "2018.08.05"]
[Round "9"]
[White "Lanz, Udo"]
[Black "Schwalb, Manfred"]
[Result "1/2-1/2"]
[WhiteElo "1809"]
[BlackElo "1972"]
[PlyCount "43"]
[EventDate "2018.07.28"]
[EventType "swiss"]
[EventRounds "9"]
[EventCountry "GER"]
[SourceTitle "EXT 2019"]
[Source "ChessBase"]
[SourceDate "2018.10.10"]
[SourceVersion "1"]
[SourceVersionDate "2018.10.10"]
[SourceQuality "1"]

1. e4 e5 2. Nf3 d6 3. c3 Nf6 4. d4 exd4 5. Bc4 Be7 6. cxd4 Nxe4 7. Nc3 Nxc3 8. bxc3 d5 9. Bd3 Nd7 10. Qc2 Nf6 11. Ne5 h6 12. f3 Be6 13. Bf4 Nd7 14. Be3 Nxe5 15. dxe5 c5 16. 0-0 c4 17. Be2 Qc8 18. g4 h5 19. h3 hxg4 20. hxg4 f5 21. exf6 Bxf6 22. Kg2 1/2-1/2

[Event "Arber Seniors op 6th"]
[Site "Bayerisch Eisenstein"]
[Date "2018.08.04"]
[Round "8"]
[White "Lanz, Udo"]
[Black "Bock, Ortwin"]
[Result "1/2-1/2"]
[WhiteElo "1809"]
[BlackElo "1952"]
[PlyCount "43"]
[EventDate "2018.07.28"]
[EventType "swiss"]
[EventRounds "9"]
[EventCountry "GER"]
[SourceTitle "CBM 185 Extra"]
[Source "ChessBase"]
[SourceDate "2018.07.29"]
[SourceVersion "1"]
[SourceVersionDate "2018.07.29"]
[SourceQuality "1"]

1. c4 g5 2. Nc3 Bg7 3. g3 Nc6 4. Bg2 d6 5. d3 e6 6. Nh3 h6 7. f4 g4 8. Nf2 f5 9. e4 Nd4 10. Ne2 Ne7 11. Rb1 Nec6 12. Be3 h5 13. b4 Nxe2 14. Qxe2 Bc3+ 15. Kd1 e5 16. b5 Nd4 17. Bxd4 Bxd4 18. h3 exf4 19. exf5+ Kf7 20. hxg4 fxg3 21. Ne4 h4 22. Bh3 1/2-1/2

[Event "Arber Seniors op 6th"]
[Site "Bayerisch Eisenstein"]
[Date "2018.07.30"]
[Round "3"]
[White "Palmi, Herbert"]
[Black "Lanz, Udo"]
[Result "1/2-1/2"]
[WhiteElo "2048"]
[BlackElo "1809"]
[PlyCount "67"]
[EventDate "2018.07.28"]
[EventType "swiss"]
[EventRounds "9"]
[EventCountry "GER"]
[SourceTitle "CBM 185 Extra"]
[Source "ChessBase"]
[SourceDate "2018.07.29"]
[SourceVersion "1"]
[SourceVersionDate "2018.07.29"]
[SourceQuality "1"]

1. e4 c5 2. a3 g6 3. Nc3 Bg7 4. g3 Nc6 5. Bg2 d6 6. Nge2 h5 7. h3 Bd7 8. d3 e6 9. Bf4 e5 10. Bd2 Nge7 11. Bg5 f6 12. Bd2 Nd4 13. Nd5 Nxd5 14. exd5 h4 15. Nxd4 cxd4 16. g4 g5 17. Be4 0-0 18. c3 dxc3 19. bxc3 Rc8 20. a4 f5 21. gxf5 Bxf5 22. Rg1 Bxe4 23. dxe4 Rf4 24. Bxf4 exf4 25. Rc1 Bxc3+ 26. Kf1 Bf6 27. Rxc8 Qxc8 28. Qd3 Kg7 29. Kg2 Kh6 30. Qa3 Be5 31. Rc1 f3+ 32. Qxf3 Qxc1 33. Qf8+ Kg6 34. Qe8+ 1/2-1/2

[Event "Untergrombach-ch 35th"]
[Site "Untergrombach"]
[Date "2018.01.04"]
[Round "5"]
[White "Lehmann, Sven"]
[Black "Lanz, Udo"]
[Result "1-0"]
[WhiteElo "2016"]
[BlackElo "1774"]
[PlyCount "25"]
[EventDate "2018.01.02"]
[EventType "swiss"]
[EventRounds "7"]
[EventCountry "GER"]
[SourceTitle "CBM 182 Extra"]
[Source "ChessBase"]
[SourceDate "2018.02.23"]
[SourceVersion "1"]
[SourceVersionDate "2018.02.23"]
[SourceQuality "1"]

1. d4 f5 2. Bg5 g6 3. Nc3 Bg7 4. e3 Nf6 5. h4 h6 6. Bf4 d6 7. Bc4 e6 8. Nf3 Qe7 9. Qd3 d5 10. Bb3 Nc6 11. Nb5 Nb4 12. Qe2 Na6 13. Ne5 1-0

[Event "Heusenstamm Sparkassen op-B 4th"]
[Site "Heusenstamm"]
[Date "2017.11.24"]
[Round "2"]
[White "Lanz, Udo"]
[Black "Stork, Christopher"]
[Result "1/2-1/2"]
[WhiteElo "1782"]
[BlackElo "1664"]
[PlyCount "81"]
[EventDate "2017.11.23"]
[EventType "swiss"]
[EventRounds "7"]
[EventCountry "GER"]
[SourceTitle "EXT 2019"]
[Source "ChessBase"]
[SourceDate "2018.10.10"]
[SourceVersion "1"]
[SourceVersionDate "2018.10.10"]
[SourceQuality "1"]

1. c4 c5 2. g3 g6 3. Bg2 Bg7 4. Nc3 Nc6 5. e3 d6 6. Nge2 Nf6 7. 0-0 0-0 8. d4 cxd4 9. exd4 Bf5 10. b3 Rb8 11. a3 Qd7 12. Bb2 Rfc8 13. Rc1 Bh3 14. Re1 Bxg2 15. Kxg2 d5 16. c5 b6 17. cxb6 Rxb6 18. Na4 Rbb8 19. Nc5 Qd8 20. f3 Nd7 21. Ba1 Nxc5 22. Rxc5 e6 23. b4 Bf8 24. Rc3 a5 25. Qa4 Ne7 26. Rec1 axb4 27. axb4 Nf5 28. b5 Nd6 29. Rxc8 Rxc8 30. Rxc8 Qxc8 31. Nc3 Bg7 32. Qa6 Qb8 33. Qa4 Nc4 34. Ne2 h6 35. Qb3 Nd6 36. Bb2 Qxb5 37. Qxb5 Nxb5 38. Kf2 Kf8 39. Ke3 Ke7 40. Kd3 Kd6 41. Bc1 1/2-1/2

[Event "Hofheim Spring op-B 5th"]
[Site "Hofheim"]
[Date "2017.04.08"]
[Round "3"]
[White "Dittenberger, Timo"]
[Black "Lanz, Udo"]
[Result "0-1"]
[WhiteElo "1454"]
[BlackElo "1797"]
[PlyCount "74"]
[EventDate "2017.04.07"]
[EventType "swiss"]
[EventRounds "9"]
[EventCountry "GER"]
[SourceTitle "CBM 178 Extra"]
[Source "ChessBase"]
[SourceDate "2017.06.22"]
[SourceVersion "1"]
[SourceVersionDate "2017.06.22"]
[SourceQuality "1"]

1. d4 f5 2. Bf4 Nf6 3. e3 g6 4. Nf3 Bg7 5. Nbd2 d6 6. Bc4 e6 7. c3 Nc6 8. 0-0 0-0 9. Bg5 d5 10. Bb5 h6 11. Bxf6 Bxf6 12. Bxc6 bxc6 13. h3 Ba6 14. Re1 Qd6 15. Nb3 Rae8 16. Nc5 Bc8 17. Qa4 g5 18. Nh2 e5 19. Qxa7 f4 20. Qa3 e4 21. Qb3 h5 22. c4 Be6 23. Nxe6 Qxe6 24. cxd5 cxd5 25. Qc3 Rc8 26. f3 c5 27. Qd2 fxe3 28. Rxe3 Bxd4 29. Kh1 Bxe3 30. Qxe3 Qf5 31. fxe4 dxe4 32. Kg1 Qe5 33. Re1 Qd4 34. Nf1 Rce8 35. Ng3 h4 36. Nf1 Rf4 37. Kh1 Rxf1+ 0-1

[Event "Heusenstamm Sparkassen op-A 3rd"]
[Site "Heusenstamm"]
[Date "2016.11.24"]
[Round "1"]
[White "Lanz, Udo"]
[Black "Bordin, Igor"]
[Result "0-1"]
[WhiteElo "1802"]
[BlackElo "2063"]
[PlyCount "66"]
[EventDate "2016.11.24"]
[EventType "swiss"]
[EventRounds "7"]
[EventCountry "GER"]
[SourceTitle "EXT 2018"]
[Source "ChessBase"]
[SourceDate "2017.10.13"]
[SourceVersion "1"]
[SourceVersionDate "2017.10.13"]
[SourceQuality "1"]

1. e4 e5 2. Nf3 Nf6 3. Nc3 Nc6 4. Bb5 Bb4 5. d3 d6 6. a3 Bxc3+ 7. bxc3 0-0 8. Bg5 h6 9. Bh4 g5 10. Bxc6 bxc6 11. Nxg5 hxg5 12. Bxg5 Kh7 13. f4 exf4 14. Qf3 Rg8 15. Qxf4 Rxg5 16. Qxg5 Be6 17. 0-0 Ng8 18. Qh5+ Kg7 19. Rf3 Ne7 20. Raf1 Ng6 21. h3 Rb8 22. Qa5 Rb2 23. R1f2 Rb1+ 24. Kh2 Ne5 25. Rg3+ Kf8 26. c4 Ng4+ 27. hxg4 Qh4+ 28. Rh3 Qxf2 29. Qg5 f6 30. Qh6+ Ke7 31. Rf3 Qg1+ 32. Kg3 Qd4 33. Rf5 Bxf5 0-1

[Event "Korbach op 8th"]
[Site "Korbach"]
[Date "2016.10.20"]
[Round "1"]
[White "Maiwald, Harald"]
[Black "Lanz, Udo"]
[Result "1-0"]
[WhiteElo "2095"]
[BlackElo "1800"]
[PlyCount "89"]
[EventDate "2016.10.20"]
[EventType "swiss"]
[EventRounds "7"]
[EventCountry "GER"]
[SourceTitle "CBM 175 Extra"]
[Source "ChessBase"]
[SourceDate "2016.12.12"]
[SourceVersion "1"]
[SourceVersionDate "2016.12.12"]
[SourceQuality "1"]

1. Nf3 f5 2. g3 g6 3. Bg2 Bg7 4. d4 Nf6 5. c4 d6 6. 0-0 0-0 7. Nc3 c6 8. Rb1 Qe8 9. d5 e5 10. dxe6 Bxe6 11. Qxd6 Bxc4 12. Ne5 Be6 13. b4 a6 14. a4 Nbd7 15. Bf4 Nxe5 16. Bxe5 Rd8 17. Qc7 Rd7 18. Qa5 Bd5 19. Bxf6 Bxf6 20. Nxd5 cxd5 21. Bxd5+ Kg7 22. Bf3 Qe5 23. Qxe5 Bxe5 24. Rfd1 Rfd8 25. Rxd7+ Rxd7 26. b5 a5 27. b6 Bf6 28. Rb5 Bd8 29. Rxa5 Rd6 30. Bxb7 Rxb6 31. Ra8 Bc7 32. Bf3 Kf6 33. a5 Rb5 34. a6 Ra5 35. Rc8 Bd6 36. Bb7 h5 37. Kg2 Kg7 38. Rd8 Be7 39. Rd7 Kf6 40. h3 Ra3 41. e3 Bc5 42. Kf3 g5 43. Bc8 Ke5 44. Rf7 Ra2 45. Rxf5+ 1-0

[Event "Heusenstamm Sparkassen op-A 2nd"]
[Site "Heusenstamm"]
[Date "2015.11.29"]
[Round "6"]
[White "Von Kortzfleisch, Ruben"]
[Black "Lanz, Udo"]
[Result "0-1"]
[WhiteElo "1379"]
[BlackElo "1781"]
[PlyCount "60"]
[EventDate "2015.11.26"]
[EventType "swiss"]
[EventRounds "7"]
[EventCountry "GER"]
[SourceTitle "EXT 2018"]
[Source "ChessBase"]
[SourceDate "2017.10.13"]
[SourceVersion "1"]
[SourceVersionDate "2017.10.13"]
[SourceQuality "1"]

1. e4 c6 2. d4 d5 3. exd5 cxd5 4. Bd3 Nf6 5. h3 Nc6 6. c3 a6 7. Nf3 e6 8. Nbd2 b5 9. 0-0 Be7 10. Qe2 b4 11. Ne5 Nxe5 12. dxe5 Nd7 13. cxb4 Bxb4 14. a3 Be7 15. b4 0-0 16. Nb3 Re8 17. Bd2 f6 18. exf6 Bxf6 19. Rac1 e5 20. Rfe1 e4 21. f3 e3 22. Bxe3 d4 23. Be4 Bb7 24. Bxd4 Bxe4 25. fxe4 Ne5 26. Bxe5 Bxe5 27. Nc5 Qg5 28. Nxa6 Qg3 29. Nc7 Rf8 30. Qc4+ Kh8 0-1

[Event "Heusenstamm Sparkassen op-A 2nd"]
[Site "Heusenstamm"]
[Date "2015.11.28"]
[Round "4"]
[White "Traut, Stefan"]
[Black "Lanz, Udo"]
[Result "1/2-1/2"]
[WhiteElo "1687"]
[BlackElo "1781"]
[PlyCount "84"]
[EventDate "2015.11.26"]
[EventType "swiss"]
[EventRounds "7"]
[EventCountry "GER"]
[SourceTitle "EXT 2018"]
[Source "ChessBase"]
[SourceDate "2017.10.13"]
[SourceVersion "1"]
[SourceVersionDate "2017.10.13"]
[SourceQuality "1"]

1. d4 f5 2. Bg5 g6 3. Nf3 Bg7 4. c4 d6 5. h3 Nf6 6. Nc3 c6 7. Bxf6 Bxf6 8. e3 0-0 9. Be2 Qc7 10. 0-0 e5 11. dxe5 dxe5 12. Qc2 Be6 13. Rad1 Na6 14. a3 Rae8 15. b4 Qf7 16. Nb1 Nc7 17. Rd2 Bc8 18. Rfd1 Ne6 19. Nc3 e4 20. Nh2 Qg7 21. Nb1 Nc7 22. g3 Qf7 23. Nc3 h5 24. Rc1 Re7 25. Rcd1 Be6 26. Nb1 Na8 27. Rd8 Ree8 28. Rxe8 Rxe8 29. Rd2 Nb6 30. c5 Nd5 31. Bc4 Qg7 32. Bxd5 Bxd5 33. Nf1 g5 34. Rd1 f4 35. Nfd2 fxe3 36. fxe3 Qc7 37. Kg2 Qe5 38. Nc4 Qe6 39. Nbd2 h4 40. g4 Kg7 41. Nd6 Rf8 42. Rf1 Qe5 1/2-1/2

[Event "Heusenstamm Sparkassen op-A 2nd"]
[Site "Heusenstamm"]
[Date "2015.11.26"]
[Round "1"]
[White "Lanz, Udo"]
[Black "Busch, Lorenz"]
[Result "0-1"]
[WhiteElo "1781"]
[BlackElo "2095"]
[PlyCount "43"]
[EventDate "2015.11.26"]
[EventType "swiss"]
[EventRounds "7"]
[EventCountry "GER"]
[SourceTitle "EXT 2018"]
[Source "ChessBase"]
[SourceDate "2017.10.13"]
[SourceVersion "1"]
[SourceVersionDate "2017.10.13"]
[SourceQuality "1"]

1. c4 e5 2. g3 Bc5 3. Bg2 Nf6 4. Nc3 Nc6 5. e3 0-0 6. Nge2 a6 7. a3 Ba7 8. b4 d6 9. 0-0 Bg4 10. Bb2 Qd7 11. Re1 Rae8 12. Qa4 Bh3 13. Bh1 Ng4 14. Bg2 Qf5 15. f3 Bxg2 16. Kxg2 Bxe3 17. fxg4 Qf2+ 18. Kh3 Re6 19. g5 Bxg5 20. Rf1 Rh6+ 21. Kg4 f5+ 22. Kxg5 0-1

[Event "Rhein Main op-B 18th"]
[Site "Bad Homburg"]
[Date "2015.06.07"]
[Round "7"]
[White "Muehlpfordt, Thomas"]
[Black "Lanz, Udo"]
[Result "1/2-1/2"]
[WhiteElo "1683"]
[BlackElo "1793"]
[PlyCount "53"]
[EventDate "2015.06.03"]
[EventType "swiss"]
[EventRounds "7"]
[EventCountry "GER"]
[SourceTitle "CBM 167 Extra"]
[Source "ChessBase"]
[SourceDate "2015.09.14"]
[SourceVersion "1"]
[SourceVersionDate "2015.09.14"]
[SourceQuality "1"]

1. e4 c5 2. Nf3 Nc6 3. d4 cxd4 4. Nxd4 g6 5. c4 Bg7 6. Be3 d6 7. Nc3 Nf6 8. f3 0-0 9. Be2 a6 10. 0-0 Qa5 11. Nd5 Nxd5 12. cxd5 Nxd4 13. Bxd4 Bxd4+ 14. Qxd4 Bd7 15. a3 Rfc8 16. Rac1 Rxc1 17. Rxc1 Rc8 18. Rxc8+ Bxc8 19. Qc3 Qxc3 20. bxc3 g5 21. Kf2 Kg7 22. g3 f5 23. Ke3 Kf6 24. g4 a5 25. Bb5 b6 26. h3 Bb7 27. c4 1/2-1/2

[Event "Rhein Main op-B 18th"]
[Site "Bad Homburg"]
[Date "2015.06.05"]
[Round "4"]
[White "Lanz, Udo"]
[Black "Schlitzer, Felix"]
[Result "0-1"]
[WhiteElo "1793"]
[BlackElo "1683"]
[PlyCount "50"]
[EventDate "2015.06.03"]
[EventType "swiss"]
[EventRounds "7"]
[EventCountry "GER"]
[SourceTitle "CBM 167 Extra"]
[Source "ChessBase"]
[SourceDate "2015.09.14"]
[SourceVersion "1"]
[SourceVersionDate "2015.09.14"]
[SourceQuality "1"]

1. e4 e6 2. d4 d5 3. e5 c5 4. c3 Nc6 5. Nf3 Nge7 6. Bd3 Ng6 7. 0-0 Qb6 8. a3 Bd7 9. dxc5 Bxc5 10. b4 Be7 11. Qe2 0-0 12. g3 Rac8 13. h4 f6 14. exf6 Bxf6 15. Be3 d4 16. Bg5 dxc3 17. Bxf6 Rxf6 18. Nxc3 Rxf3 19. Qxf3 Nd4 20. Qg2 Rxc3 21. Be4 Ne5 22. Rad1 Bb5 23. Rfe1 Ndf3+ 24. Kh1 Nxe1 25. Rxe1 Bc6 0-1

[Event "Main Vogelsberg op 10th"]
[Site "Hanau"]
[Date "2015.05.25"]
[Round "6"]
[White "Woehl, Torsten"]
[Black "Lanz, Udo"]
[Result "0-1"]
[WhiteElo "1283"]
[BlackElo "1754"]
[PlyCount "52"]
[EventDate "2015.05.22"]
[EventType "swiss"]
[EventRounds "7"]
[EventCountry "GER"]
[SourceTitle "EXT 2016"]
[Source "ChessBase"]
[SourceDate "2015.10.08"]
[SourceVersion "1"]
[SourceVersionDate "2015.10.08"]
[SourceQuality "1"]

1. d4 Nf6 2. Bf4 e6 3. e3 c5 4. c3 b6 5. Bd3 Bb7 6. Nf3 Nh5 7. Bg3 Nxg3 8. hxg3 h6 9. Nbd2 d6 10. Nh4 Be7 11. Qg4 h5 12. Qe2 Nd7 13. f4 Qc7 14. Ba6 Nf6 15. Bxb7 Qxb7 16. Qb5+ Qd7 17. Qd3 Ng4 18. Nc4 0-0-0 19. f5 Bxh4 20. Rxh4 exf5 21. Kd2 g6 22. e4 Nf2 23. Qf3 Nxe4+ 24. Kc2 Kb8 25. Rd1 f6 26. dxc5 Qa4+ 0-1

[Event "Main Vogelsberg op 10th"]
[Site "Hanau"]
[Date "2015.05.23"]
[Round "2"]
[White "Hilbenz, Guntram"]
[Black "Lanz, Udo"]
[Result "1/2-1/2"]
[WhiteElo "1938"]
[BlackElo "1754"]
[PlyCount "25"]
[EventDate "2015.05.22"]
[EventType "swiss"]
[EventRounds "7"]
[EventCountry "GER"]
[SourceTitle "EXT 2016"]
[Source "ChessBase"]
[SourceDate "2015.10.08"]
[SourceVersion "1"]
[SourceVersionDate "2015.10.08"]
[SourceQuality "1"]

1. c4 e5 2. g3 f5 3. Nf3 d6 4. Bg2 Nf6 5. Nc3 c6 6. d3 g6 7. Rb1 Bg7 8. Qc2 0-0 9. 0-0 h6 10. b4 g5 11. Nd2 f4 12. Nce4 Qe7 13. b5 1/2-1/2

[Event "Heusenstamm Schloss op 1st"]
[Site "Heusenstamm"]
[Date "2014.11.21"]
[Round "2"]
[White "Roytblat, David"]
[Black "Lanz, Udo"]
[Result "1/2-1/2"]
[WhiteElo "1042"]
[BlackElo "1885"]
[PlyCount "51"]
[EventDate "2014.11.20"]
[EventType "swiss"]
[EventRounds "7"]
[EventCountry "GER"]
[SourceTitle "CBM 163 Extra"]
[Source "ChessBase"]
[SourceDate "2014.12.23"]
[SourceVersion "1"]
[SourceVersionDate "2014.12.23"]
[SourceQuality "1"]

1. e4 c5 2. Nf3 Nc6 3. Nc3 g6 4. Bc4 Nf6 5. d4 cxd4 6. Nxd4 Ne5 7. Bb3 Bg7 8. Bf4 d6 9. h3 0-0 10. 0-0 Ned7 11. Re1 e5 12. Bg5 exd4 13. Qxd4 Qb6 14. Qxb6 Nxb6 15. Rad1 Bd7 16. Rxd6 Bc6 17. Bxf6 Nc8 18. Bxg7 Kxg7 19. Rd2 Re8 20. Rde2 Nb6 21. Nd5 Nxd5 22. exd5 Rxe2 23. Rxe2 Re8 24. Rxe8 Bxe8 25. f3 Kf6 26. Kf2 1/2-1/2